[Event "3rd Memorial Warakomska 2019"]
[Site "Suwalki"]
[Date "2019.08.11"]
[Round "8.3"]
[White "Zakhartsov, Vladimir"]
[Black "Sadzikowski, Daniel"]
[Result "1-0"]
[WhiteElo "2493"]
[BlackElo "2503"]
[Annotator "ChessBase"]
[PlyCount "141"]
[EventDate "2019.08.05"]
[EventType "swiss"]
[EventCountry "POL"]
[SourceTitle "playchess.com"]
[Source "ChessBase"]
[SourceQuality "1"]
[TimeControl "40/5400+30:1800+30"]

1. d4 {[%emt 0:04:20]} Nf6 {[%emt 0:00:00]} 2. c4 {[%emt 0:00:13]} e6 {[%emt 0:00:00]} 3. Nc3 {[%emt 0:00:04]} Bb4 {[%emt 0:00:14]} 4. e3 {[%emt 0:00:07]} O-O {[%emt 0:00:17]} 5. Nf3 {[%emt 0:00:11]} d5 {[%emt 0:00:58]} 6. Bd2 {[%emt 0:00:08]} b6 {[%emt 0:00:29]} 7. cxd5 {[%emt 0:00:11]} exd5 {[%emt 0:00:02]} 8. Bd3 {[%emt 0:00:15]} Be7 {[%emt 0:00:02]} 9. O-O {[%emt 0:01:28]} Bb7 {[%emt 0:08:51]} 10. Rc1 {[%emt 0:00:15]} c5 {[%emt 0:00:08]} 11. Ne5 {[%emt 0:00:36]} Nc6 {[%emt 0:00:19]} 12. Be1 {[%emt 0:00:43]} g6 {[%emt 0:00:04]} 13. f4 {[%emt 0:04:22]} cxd4 {[%emt 0:01:51]} 14. Nxc6 {[%emt 0:07:31]} Bxc6 {[%emt 0:00:05]} 15. Ne2 {[%emt 0:00:18]} Bd7 {[%emt 0:00:32]} 16. Nxd4 {[%emt 0:00:26]} Ne4 {[%emt 0:00:17]} 17. Bxe4 {[%emt 0:02:25]} dxe4 {[%emt 0:00:13]} 18. Qc2 {[%emt 0:00:10]} Re8 {[%emt 0:19:38]} 19. f5 {[%emt 0:09:55]} Bf6 {[%emt 0:02:27]} 20. Qb3 {[%emt 0:01:18]} g5 {[%emt 0:02:37]} 21. Rd1 {[%emt 0:09:46]} a5 {[%emt 0:15:15]} 22. Nb5 {[%emt 0:07:18]} Qe7 {[%emt 0:07:48]} 23. Nd6 {[%emt 0:02:30]} Red8 {[%emt 0:00:07]} 24. Bg3 {[%emt 0:04:05]} b5 {[%emt 0:02:42]} 25. Qc2 {[%emt 0:05:20]} Kg7 {[%emt 0:08:43]} 26. Rd5 {[%emt 0:03:20]} Be8 {[%emt 0:14:32]} 27. Rfd1 {[%emt 0:04:12]} h5 {[%emt 0:00:02]} 28. h3 {[%emt 0:03:10]} h4 {[%emt 0:00:02]} 29. Bh2 {[%emt 0:00:08]} a4 {[%emt 0:02:18]} 30. Rc5 {[%emt 0:02:27]} Ra7 {[%emt 0:01:08]} 31. Rcd5 {[%emt 0:02:22]} Raa8 {[%emt 0:01:51]} 32. Rc1 {[%emt 0:10:07]} Ra6 {[%emt 0:02:36]} 33. Nc8 {[%emt 0:01:52]} Qb4 {[%emt 0:01:34]} 34. Rxd8 {[%emt 0:02:13]} Bxd8 {[%emt 0:00:36]} 35. a3 Qc4 {[%emt 0:02:15]} 36. Nd6 {[%emt 0:03:44]} Qxc2 {[%emt 0:00:47]} 37. Nxe8+ {[%emt 0:00:05]} Kf8 {[%emt 0:00:04]} 38. Rxc2 {[%emt 0:00:03]} Kxe8 {[%emt 0:00:05]} 39. Rc5 {[%emt 0:00:12]} Rb6 {[%emt 0:05:22]} 40. Be5 {[%emt 0:00:00]} b4 {[%emt 0:00:00]} 41. axb4 {[%emt 0:05:07]} Rxb4 {[%emt 0:01:51]} 42. Bc3 {[%emt 0:00:23]} Rb3 {[%emt 0:01:02]} 43. Rc4 {[%emt 0:00:07]} a3 {[%emt 0:00:37]} 44. bxa3 {[%emt 0:00:06]} Rxa3 {[%emt 0:00:36]} 45. Rxe4+ {[%emt 0:00:12]} Kd7 {[%emt 0:00:06]} 46. Rd4+ {[%emt 0:01:12]} Ke8 {[%emt 0:00:15]} 47. Rc4 {[%emt 0:00:51]} Ra2 {[%emt 0:03:45]} 48. Bd4 {[%emt 0:01:30]} Kd7 {[%emt 0:02:10]} 49. Rb4 {[%emt 0:03:22]} Kc6 {[%emt 0:02:21]} 50. Rb8 {[%emt 0:00:45]} Be7 {[%emt 0:01:36]} 51. Rb6+ {[%emt 0:00:42]} Kd5 {[%emt 0:00:13]} 52. Rb7 {[%emt 0:02:58]} Bd6 {[%emt 0:00:19]} 53. Rxf7 {[%emt 0:02:07]} Bg3 {[%emt 0:00:36]} 54. Ra7 {[%emt 0:01:06]} Bf2+ {[%emt 0:08:17]} 55. Kf1 {[%emt 0:00:56]} Rc2 {[%emt 0:00:02]} 56. Ra1 {[%emt 0:09:30]} Ke4 {[%emt 0:05:23]} 57. f6 {[%emt 0:00:09]} Bg3 {[%emt 0:00:03]} 58. Kg1 {[%emt 0:00:22]} Bf2+ {[%emt 0:04:48]} 59. Kh1 {[%emt 0:02:25]} Rc8 {[%emt 0:00:10]} 60. f7 {[%emt 0:01:39]} Rf8 {[%emt 0:00:12]} 61. Ra7 {[%emt 0:00:26]} Rb8 {[%emt 0:01:34]} 62. Re7+ {[%emt 0:02:26]} Kd3 {[%emt 0:00:21]} 63. g4 {[%emt 0:00:08]} hxg3 {[%emt 0:02:37]} 64. Kg2 {[%emt 0:00:06]} Ke2 {[%emt 0:00:34]} 65. Rb7 {[%emt 0:02:34]} Rxb7 {[%emt 0:00:45]} 66. f8=Q {[%emt 0:00:06]} Rb1 {[%emt 0:00:05]} 67. Qf3+ {[%emt 0:00:04]} Kd2 {[%emt 0:00:05]} 68. Qa8 {[%emt 0:00:12]} Rg1+ {[%emt 0:00:38]} 69. Kf3 {[%emt 0:00:06]} Be1 {[%emt 0:00:41]} 70. Qa2+ {[%emt 0:00:38]} Kd1 {[%emt 0:00:06]} 71. Ke4 {[%emt 0:01:10]} 1-0

[Event "3rd Memorial Warakomska 2019"]
[Site "Suwalki"]
[Date "2019.08.11"]
[Round "8.4"]
[White "Greenfeld, Alon"]
[Black "Iturrizaga Bonelli, Eduardo"]
[Result "1/2-1/2"]
[WhiteElo "2522"]
[BlackElo "2625"]
[Annotator "TA"]
[PlyCount "76"]
[EventDate "2019.08.05"]
[EventType "swiss"]
[EventCountry "POL"]
[SourceTitle "playchess.com"]
[Source "ChessBase"]
[SourceQuality "1"]

{[%evp 14,76,33,29,19,19,42,33,34,51,8,0,0,-6,-7,-10,0,-5,-10,-13,-11,-23,-4,-18,-17,-37,15,0,6,0,0,0,7,-31,-23,-25,0,0,0,0,0,0,0,0,0,0,0,0,0,0,0,-8,-6,-10,-8,-17,0,-14,-12,-64,-16,-15,-2,-8,0]} 1. d4 Nf6 2. c4 e6 3. g3 Bb4+ 4. Bd2 a5 5. Bg2 d6 6. Nf3 Nbd7 7. O-O e5 8. Be3 O-O {E11: Bogo-Indian} 9. Qc2 exd4 10. Bxd4 a4 $146 {White is slightly better.} ({Predecessor:} 10... Re8 11. Nc3 c6 12. Rad1 Qe7 13. a3 Bc5 14. Rfe1 h6 15. e4 Bxd4 16. Nxd4 {½-½ (70) Postny,E (2616)-Van Wely,L (2685) Novi Sad 2016}) 11. Nc3 a3 12. Nd5 axb2 13. Bxb2 Ba3 14. Bd4 Bc5 (14... Re8 {seems wilder.} 15. e3 c6 16. Nxf6+ Nxf6 17. Nd2 Nd7) 15. Nxf6+ Nxf6 16. Bxc5 dxc5 17. Nd2 Qe7 18. Nb3 Ra3 19. e4 Nd7 (19... b6 $15) 20. f4 $11 Nb6 21. e5 Ra4 22. Nd2 g6 23. Rab1 {[#] Threatens to win with Rxb6!} Bf5 24. Be4 {aiming for Rxb6!} Bxe4 25. Nxe4 Rxc4 26. Nf6+ Kg7 27. Qg2 Qe6 28. Rf2 Ra4 29. Re1 Nd7 30. Nxd7 Qxd7 31. Qxb7 Rfa8 32. Qb3 c4 33. Qc3 {[#] Black must now prevent e6+.} Qe6 34. Rc1 Qb6 35. Rcc2 Rd8 {Strongly threatening ...Rd3.} 36. Rb2 ({White should try} 36. e6+ $11 f6 37. Rce2) 36... Qe6 (36... Qc5 $5 {[%cal Rd8d3]} 37. f5 Rd1+ 38. Kg2 Ra3 $17) 37. Rbd2 Rda8 38. Rc2 Rd8 {Accuracy: White = 58%, Black = 61%.} 1/2-1/2

[Event "3rd Memorial Warakomska 2019"]
[Site "Suwalki"]
[Date "2019.08.11"]
[Round "8.5"]
[White "Stupak, Kirill"]
[Black "Caspi, Israel"]
[Result "1/2-1/2"]
[WhiteElo "2560"]
[BlackElo "2458"]
[Annotator "ChessBase"]
[PlyCount "96"]
[EventDate "2019.08.05"]
[EventType "swiss"]
[EventCountry "POL"]
[SourceTitle "playchess.com"]
[Source "ChessBase"]
[SourceQuality "1"]
[TimeControl "40/5400+30:1800+30"]

1. d4 {[%emt 0:03:17]} f5 {[%emt 0:00:00]} 2. Nc3 {[%emt 0:00:20]} Nf6 {[%emt 0:00:17]} 3. Bg5 {[%emt 0:00:15]} d5 {[%emt 0:00:10]} 4. Bxf6 {[%emt 0:00:03]} exf6 {[%emt 0:00:08]} 5. e3 {[%emt 0:00:02]} Be6 {[%emt 0:00:20]} 6. Qf3 {[%emt 0:00:09]} Qd7 {[%emt 0:02:09]} 7. Bd3 {[%emt 0:01:57]} Nc6 {[%emt 0:00:40]} 8. a3 {[%emt 0:01:38]} O-O-O {[%emt 0:02:01]} 9. Nge2 {[%emt 0:07:02]} g6 {[%emt 0:01:25]} 10. h3 {[%emt 0:03:50]} h5 {[%emt 0:02:48]} 11. Nf4 {[%emt 0:07:59]} Bf7 {[%emt 0:00:11]} 12. Bb5 {[%emt 0:00:29]} Kb8 {[%emt 0:15:21]} 13. Ba4 {[%emt 0:12:01]} h4 {[%emt 0:12:34]} 14. Nd3 {[%emt 0:01:09]} Qd6 {[%emt 0:06:38]} 15. Qe2 {[%emt 0:14:03]} Re8 {[%emt 0:11:01]} 16. O-O-O {[%emt 0:11:51]} Qe6 {[%emt 0:15:09]} 17. Nf4 {[%emt 0:21:46]} Qd6 {[%emt 0:03:03]} 18. Nd3 {[%emt 0:00:01]} Qe6 {[%emt 0:00:36]} 19. Nc5 {[%emt 0:01:59]} Bxc5 {[%emt 0:00:18]} 20. dxc5 {[%emt 0:00:01]} d4 {[%emt 0:02:38]} 21. Bxc6 {[%emt 0:00:04]} Qxc6 {[%emt 0:00:12]} 22. Rxd4 {[%emt 0:00:04]} Qxg2 {[%emt 0:02:10]} 23. Rhd1 {[%emt 0:00:01]} Qc6 {[%emt 0:00:51]} 24. Qb5 {[%emt 0:01:47]} Qxb5 25. Nxb5 {[%emt 0:00:01]} Be6 {[%emt 0:07:19]} 26. Rg1 {[%emt 0:08:24]} g5 {[%emt 0:01:05]} 27. Kd2 {[%emt 0:00:38]} Rd8 {[%emt 0:01:44]} 28. Ke2 {[%emt 0:01:53]} a6 {[%emt 0:01:34]} 29. Rxd8+ {[%emt 0:00:05]} Rxd8 {[%emt 0:00:10]} 30. Nd4 {[%emt 0:00:03]} Bc4+ {[%emt 0:00:26]} 31. Kd2 {[%emt 0:00:37]} Be6 {[%emt 0:06:25]} 32. Ke2 {[%emt 0:00:05]} Bc8 {[%emt 0:00:48]} 33. c3 {[%emt 0:00:10]} Re8 {[%emt 0:01:55]} 34. Kd2 {[%emt 0:00:40]} Bd7 {[%emt 0:00:54]} 35. b4 {[%emt 0:00:21]} Kc8 {[%emt 0:00:12]} 36. a4 {[%emt 0:02:37]} Kd8 {[%emt 0:01:42]} 37. b5 {[%emt 0:00:20]} axb5 {[%emt 0:00:21]} 38. axb5 {[%emt 0:00:01]} Ke7 {[%emt 0:01:13]} 39. f4 {[%emt 0:00:03]} Rg8 {[%emt 0:01:00]} 40. c6 {[%emt 0:00:00]} bxc6 41. bxc6 {[%emt 0:01:37]} Be6 {[%emt 0:01:59]} 42. Nf3 {[%emt 0:03:17]} Bd5 {[%emt 0:03:23]} 43. Ke2 {[%emt 0:05:11]} Bc4+ {[%emt 0:14:07]} 44. Ke1 {[%emt 0:10:05]} Ra8 {[%emt 0:00:53]} 45. Nd4 {[%emt 0:01:22]} Ra1+ {[%emt 0:00:33]} 46. Kf2 {[%emt 0:00:03]} Ra2+ {[%emt 0:00:28]} 47. Ke1 {[%emt 0:00:03]} Ra1+ {[%emt 0:10:52]} 48. Kf2 {[%emt 0:00:04]} Ra2+ {[%emt 0:00:45]} 1/2-1/2

[Event "3rd Memorial Warakomska 2019"]
[Site "Suwalki"]
[Date "2019.08.11"]
[Round "8.6"]
[White "Cukrowski, Filip"]
[Black "Nasuta, Grzegorz"]
[Result "0-1"]
[WhiteElo "2421"]
[BlackElo "2529"]
[Annotator "ChessBase"]
[PlyCount "62"]
[EventDate "2019.08.05"]
[EventType "swiss"]
[EventCountry "POL"]
[SourceTitle "playchess.com"]
[Source "ChessBase"]
[SourceQuality "1"]
[TimeControl "40/5400+30:1800+30"]

1. e4 {[%emt 0:01:02]} e6 {[%emt 0:00:00]} 2. d4 {[%emt 0:06:43]} d5 {[%emt 0:00:30]} 3. exd5 {[%emt 0:00:47]} exd5 {[%emt 0:00:09]} 4. Bd3 {[%emt 0:00:03]} Nc6 {[%emt 0:04:44]} 5. Ne2 {[%emt 0:09:15]} Nf6 {[%emt 0:06:07]} 6. Bg5 {[%emt 0:03:59]} Be6 {[%emt 0:03:59]} 7. c3 {[%emt 0:07:24]} h6 {[%emt 0:12:18]} 8. Bh4 {[%emt 0:05:47]} Be7 {[%emt 0:16:58]} 9. Nd2 {[%emt 0:02:37]} Qd7 {[%emt 0:05:14]} 10. Qc2 {[%emt 0:06:48]} g5 {[%emt 0:07:31]} 11. Bg3 {[%emt 0:00:12]} Nh5 {[%emt 0:00:05]} 12. O-O-O {[%emt 0:04:41]} f5 {[%emt 0:17:13]} 13. h4 {[%emt 0:06:39]} O-O-O {[%emt 0:01:07]} 14. hxg5 {[%emt 0:16:19]} hxg5 {[%emt 0:00:08]} 15. f4 {[%emt 0:01:41]} Bd6 {[%emt 0:01:37]} 16. Bh2 {[%emt 0:01:24]} gxf4 {[%emt 0:01:13]} 17. Rhf1 {[%emt 0:02:44]} Ng3 {[%emt 0:04:07]} 18. Bxg3 {[%emt 0:00:49]} fxg3 {[%emt 0:00:01]} 19. Nf4 {[%emt 0:02:14]} Bxf4 {[%emt 0:02:30]} 20. Rxf4 {[%emt 0:00:06]} Qd6 {[%emt 0:00:04]} 21. Rdf1 {[%emt 0:01:54]} Ne7 {[%emt 0:00:04]} 22. Nb3 {[%emt 0:05:21]} Kb8 {[%emt 0:02:12]} 23. R4f3 {[%emt 0:02:30]} Bc8 {[%emt 0:01:29]} 24. Qd2 {[%emt 0:00:55]} Rh2 {[%emt 0:02:08]} 25. Re1 {[%emt 0:01:40]} Ng6 {[%emt 0:04:25]} 26. Qg5 {[%emt 0:00:06]} Nh4 {[%emt 0:00:51]} 27. Rfe3 {[%emt 0:05:54]} Nxg2 {[%emt 0:01:01]} 28. Re8 {[%emt 0:01:36]} Nxe1 {[%emt 0:00:24]} 29. Rxd8 {[%emt 0:00:05]} Nxd3+ {[%emt 0:00:06]} 30. Kb1 {[%emt 0:00:48]} Rh1+ {[%emt 0:00:46]} 31. Kc2 {[%emt 0:00:09]} Ne1+ {[%emt 0:00:03]} 0-1

[Event "3rd Memorial Warakomska 2019"]
[Site "Suwalki"]
[Date "2019.08.11"]
[Round "8.7"]
[White "Czarnota, Pawel"]
[Black "Goluch, Piotr"]
[Result "1/2-1/2"]
[WhiteElo "2534"]
[BlackElo "2386"]
[Annotator "ChessBase"]
[PlyCount "51"]
[EventDate "2019.08.05"]
[EventType "swiss"]
[EventCountry "POL"]
[SourceTitle "playchess.com"]
[Source "ChessBase"]
[SourceQuality "1"]
[TimeControl "40/5400+30:1800+30"]

1. e4 {[%emt 0:00:00]} c6 {[%emt 0:00:00]} 2. d4 {[%emt 0:00:04]} d5 {[%emt 0:00:00]} 3. e5 {[%emt 0:00:28]} Bf5 {[%emt 0:00:00]} 4. Nf3 {[%emt 0:00:38]} e6 {[%emt 0:00:00]} 5. Be2 {[%emt 0:00:23]} Ne7 {[%emt 0:00:00]} 6. O-O {[%emt 0:00:19]} c5 {[%emt 0:00:00]} 7. Be3 {[%emt 0:08:19]} Nec6 {[%emt 0:04:55]} 8. dxc5 {[%emt 0:10:36]} Nd7 {[%emt 0:00:30]} 9. c4 {[%emt 0:09:11]} Bxc5 {[%emt 0:02:55]} 10. cxd5 {[%emt 0:02:55]} exd5 {[%emt 0:01:21]} 11. Bxc5 {[%emt 0:07:56]} Nxc5 {[%emt 0:00:05]} 12. Nc3 {[%emt 0:00:41]} Be4 {[%emt 0:13:16]} 13. Rc1 {[%emt 0:09:38]} O-O {[%emt 0:06:40]} 14. Nxe4 {[%emt 0:04:13]} Nxe4 {[%emt 0:00:58]} 15. Qb3 {[%emt 0:00:07]} Qd7 {[%emt 0:14:21]} 16. Rfd1 {[%emt 0:03:10]} Rfd8 {[%emt 0:05:15]} 17. Bb5 {[%emt 0:02:28]} a6 {[%emt 0:13:03]} 18. Bxc6 {[%emt 0:04:45]} bxc6 {[%emt 0:00:04]} 19. Qa4 {[%emt 0:02:17]} c5 {[%emt 0:01:41]} 20. Qxd7 Rxd7 {[%emt 0:00:02]} 21. Ne1 {[%emt 0:12:54]} Rc8 {[%emt 0:02:35]} 22. Nc2 {[%emt 0:01:12]} Rcd8 {[%emt 0:09:15]} 23. h4 {[%emt 0:08:09]} c4 {[%emt 0:05:51]} 24. Nb4 {[%emt 0:00:42]} Nc5 {[%emt 0:00:06]} 25. b3 {[%emt 0:04:12]} Rb8 {[%emt 0:08:21]} 26. Nxd5 {[%emt 0:06:51]} 1/2-1/2

[Event "3rd Memorial Warakomska 2019"]
[Site "Suwalki"]
[Date "2019.08.11"]
[Round "8.8"]
[White "Dhulipalla Bala Chandra Prasad"]
[Black "Shyam, Sundar M."]
[Result "0-1"]
[WhiteElo "2419"]
[BlackElo "2520"]
[Annotator "ChessBase"]
[PlyCount "82"]
[EventDate "2019.08.05"]
[EventType "swiss"]
[EventCountry "POL"]
[SourceTitle "playchess.com"]
[Source "ChessBase"]
[SourceQuality "1"]
[TimeControl "40/5400+30:1800+30"]

1. d4 {[%emt 0:00:00]} g6 {[%emt 0:00:00]} 2. c4 {[%emt 0:00:27]} Bg7 {[%emt 0:00:17]} 3. g3 {[%emt 0:00:41]} c5 {[%emt 0:01:24]} 4. dxc5 {[%emt 0:07:08]} Qa5+ {[%emt 0:05:04]} 5. Nc3 {[%emt 0:10:05]} Qxc5 {[%emt 0:01:51]} 6. Nd5 {[%emt 0:20:00]} Na6 {[%emt 0:17:05]} 7. Qb3 {[%emt 0:03:56]} Nf6 {[%emt 0:06:57]} 8. Be3 {[%emt 0:05:33]} Qa5+ {[%emt 0:00:40]} 9. Bd2 {[%emt 0:00:31]} Qd8 {[%emt 0:00:07]} 10. Bg2 {[%emt 0:12:29]} Nxd5 {[%emt 0:04:03]} 11. cxd5 {[%emt 0:05:48]} O-O {[%emt 0:00:21]} 12. Nh3 {[%emt 0:07:32]} Nc5 {[%emt 0:24:21]} 13. Qb4 {[%emt 0:03:36]} Qb6 {[%emt 0:00:59]} 14. O-O {[%emt 0:03:15]} d6 {[%emt 0:08:07]} 15. Qh4 {[%emt 0:04:28]} Qxb2 {[%emt 0:01:22]} 16. Be3 {[%emt 0:04:26]} Qxe2 {[%emt 0:09:21]} 17. Nf4 {[%emt 0:01:18]} Qg4 {[%emt 0:01:28]} 18. Qxe7 {[%emt 0:00:11]} Qd7 {[%emt 0:00:19]} 19. Qh4 {[%emt 0:02:07]} Bxa1 {[%emt 0:06:15]} 20. Rxa1 {[%emt 0:00:05]} Qd8 {[%emt 0:00:02]} 21. Qh6 {[%emt 0:01:44]} Qf6 {[%emt 0:00:03]} 22. Rc1 {[%emt 0:01:17]} Qg7 {[%emt 0:00:38]} 23. Qxg7+ {[%emt 0:00:08]} Kxg7 {[%emt 0:00:02]} 24. Bd4+ {[%emt 0:00:28]} Kg8 {[%emt 0:00:23]} 25. Bxc5 {[%emt 0:00:14]} dxc5 {[%emt 0:00:02]} 26. Rxc5 {[%emt 0:00:21]} Rd8 {[%emt 0:01:25]} 27. h4 {[%emt 0:01:13]} Kf8 {[%emt 0:01:18]} 28. Bf3 {[%emt 0:01:28]} Ke7 {[%emt 0:00:35]} 29. Rc7+ {[%emt 0:00:12]} Rd7 {[%emt 0:00:13]} 30. Rc3 {[%emt 0:01:13]} Kd6 {[%emt 0:00:07]} 31. Ne2 {[%emt 0:01:12]} Rc7 {[%emt 0:00:35]} 32. Ra3 {[%emt 0:01:23]} Bd7 {[%emt 0:00:20]} 33. g4 {[%emt 0:00:20]} f5 {[%emt 0:01:35]} 34. g5 {[%emt 0:00:23]} Rc4 {[%emt 0:00:26]} 35. Rb3 {[%emt 0:01:07]} b5 {[%emt 0:00:12]} 36. Kg2 {[%emt 0:00:41]} a5 {[%emt 0:00:19]} 37. Kg3 {[%emt 0:00:23]} a4 {[%emt 0:00:07]} 38. Rb1 {[%emt 0:00:16]} b4 {[%emt 0:00:48]} 39. Nf4 {[%emt 0:00:07]} Rb8 {[%emt 0:00:10]} 40. h5 {[%emt 0:00:00]} gxh5 {[%emt 0:00:00]} 41. Rh1 {[%emt 0:03:57]} Ke5 0-1

[Event "3rd Memorial Warakomska 2019"]
[Site "Suwalki"]
[Date "2019.08.11"]
[Round "8.9"]
[White "Jakubowski, Krzysztof"]
[Black "Hnydiuk, Aleksander"]
[Result "1/2-1/2"]
[WhiteElo "2528"]
[BlackElo "2412"]
[Annotator "ChessBase"]
[PlyCount "110"]
[EventDate "2019.08.05"]
[EventType "swiss"]
[EventCountry "POL"]
[SourceTitle "playchess.com"]
[Source "ChessBase"]
[SourceQuality "1"]
[TimeControl "40/5400+30:1800+30"]

1. c4 {[%emt 0:00:39]} c6 2. d4 {[%emt 0:02:50]} d5 {[%emt 0:05:30]} 3. e3 {[%emt 0:00:07]} Nf6 {[%emt 0:00:04]} 4. Nc3 {[%emt 0:00:08]} a6 {[%emt 0:00:13]} 5. Bd2 {[%emt 0:01:12]} dxc4 {[%emt 0:04:11]} 6. Bxc4 {[%emt 0:00:13]} e6 {[%emt 0:00:13]} 7. Qf3 {[%emt 0:21:35]} Nbd7 {[%emt 0:19:07]} 8. Nge2 {[%emt 0:07:00]} Bd6 {[%emt 0:14:49]} 9. Ng3 {[%emt 0:12:36]} O-O {[%emt 0:00:35]} 10. Rd1 {[%emt 0:05:16]} e5 {[%emt 0:12:12]} 11. Nce4 {[%emt 0:03:08]} exd4 {[%emt 0:03:10]} 12. O-O {[%emt 0:14:24]} Bxg3 {[%emt 0:24:44]} 13. Nxf6+ {[%emt 0:01:11]} Qxf6 {[%emt 0:00:27]} 14. Qxg3 {[%emt 0:01:03]} Nb6 {[%emt 0:00:20]} 15. Bb3 {[%emt 0:01:03]} Be6 {[%emt 0:01:44]} 16. Bb4 {[%emt 0:00:22]} Bxb3 {[%emt 0:01:48]} 17. axb3 {[%emt 0:00:06]} dxe3 {[%emt 0:08:12]} 18. fxe3 {[%emt 0:00:28]} Qg6 {[%emt 0:00:17]} 19. Qxg6 {[%emt 0:00:40]} hxg6 {[%emt 0:00:04]} 20. Bxf8 {[%emt 0:00:06]} Kxf8 {[%emt 0:00:03]} 21. Rd4 {[%emt 0:00:50]} Nd5 {[%emt 0:00:36]} 22. e4 {[%emt 0:00:41]} Nf6 {[%emt 0:00:15]} 23. Rfd1 {[%emt 0:10:12]} Ke7 {[%emt 0:00:28]} 24. g4 {[%emt 0:00:07]} g5 {[%emt 0:01:49]} 25. h4 {[%emt 0:00:24]} c5 {[%emt 0:00:56]} 26. Rd6 {[%emt 0:03:14]} gxh4 {[%emt 0:00:21]} 27. g5 {[%emt 0:04:02]} Nxe4 {[%emt 0:00:06]} 28. Rd7+ {[%emt 0:00:05]} Ke6 {[%emt 0:00:05]} 29. g6 {[%emt 0:00:11]} fxg6 {[%emt 0:00:32]} 30. Rxb7 {[%emt 0:00:05]} g5 {[%emt 0:01:10]} 31. Rxg7 {[%emt 0:02:54]} Kf5 {[%emt 0:00:49]} 32. Rd5+ {[%emt 0:05:23]} Kf4 {[%emt 0:00:23]} 33. Rf7+ {[%emt 0:00:19]} Kg4 {[%emt 0:00:12]} 34. Re5 {[%emt 0:00:15]} Nd2 {[%emt 0:00:56]} 35. Re2 {[%emt 0:00:50]} Nf3+ {[%emt 0:00:18]} 36. Kf2 {[%emt 0:00:08]} Nd4 {[%emt 0:00:12]} 37. Re4+ {[%emt 0:00:09]} Kh5 {[%emt 0:00:21]} 38. b4 {[%emt 0:01:06]} Rb8 {[%emt 0:00:52]} 39. bxc5 {[%emt 0:00:41]} Rxb2+ {[%emt 0:00:04]} 40. Ke3 {[%emt 0:00:00]} Nb5 {[%emt 0:00:00]} 41. Rh7+ {[%emt 0:15:15]} Kg6 {[%emt 0:00:37]} 42. Rh8 {[%emt 0:00:09]} Rb3+ {[%emt 0:02:55]} 43. Kd2 {[%emt 0:01:25]} h3 {[%emt 0:09:16]} 44. Re3 {[%emt 0:04:46]} Rb2+ {[%emt 0:01:54]} 45. Kd3 {[%emt 0:00:16]} g4 {[%emt 0:03:33]} 46. Re1 {[%emt 0:07:46]} Kg5 {[%emt 0:04:05]} 47. c6 {[%emt 0:01:22]} h2 {[%emt 0:06:00]} 48. Rc1 {[%emt 0:03:18]} g3 {[%emt 0:02:25]} 49. Ke4 {[%emt 0:01:42]} Kg4 {[%emt 0:02:36]} 50. c7 {[%emt 0:02:01]} Nxc7 {[%emt 0:00:30]} 51. Rxc7 {[%emt 0:00:07]} Re2+ {[%emt 0:00:15]} 52. Kd3 {[%emt 0:00:17]} Re1 {[%emt 0:02:50]} 53. Rch7 {[%emt 0:00:19]} Kf3 {[%emt 0:00:44]} 54. Rxh2 {[%emt 0:00:17]} gxh2 {[%emt 0:00:04]} 55. Rxh2 {[%emt 0:00:02]} Rd1+ {[%emt 0:00:17] Ke4+} 1/2-1/2

[Event "3rd Memorial Warakomska 2019"]
[Site "Suwalki"]
[Date "2019.08.11"]
[Round "8.10"]
[White "Zakhartsov, Viacheslav V."]
[Black "Kosakowski, Jakub"]
[Result "1/2-1/2"]
[WhiteElo "2518"]
[BlackElo "2394"]
[Annotator "ChessBase"]
[PlyCount "68"]
[EventDate "2019.08.05"]
[EventType "swiss"]
[EventCountry "POL"]
[SourceTitle "playchess.com"]
[Source "ChessBase"]
[SourceQuality "1"]
[TimeControl "40/5400+30:1800+30"]

1. d4 {[%emt 0:00:00]} Nf6 {[%emt 0:00:00]} 2. c4 {[%emt 0:00:00]} e6 {[%emt 0:00:00]} 3. Nf3 {[%emt 0:00:00]} d5 {[%emt 0:00:35]} 4. Bg5 {[%emt 0:00:09]} Bb4+ {[%emt 0:00:38]} 5. Nc3 {[%emt 0:00:10]} h6 {[%emt 0:00:27]} 6. Bxf6 {[%emt 0:00:42]} Qxf6 {[%emt 0:00:13]} 7. Qb3 {[%emt 0:06:05]} c5 {[%emt 0:00:38]} 8. cxd5 {[%emt 0:00:05]} exd5 {[%emt 0:00:22]} 9. a3 {[%emt 0:00:14]} Bxc3+ {[%emt 0:00:20]} 10. Qxc3 {[%emt 0:00:02]} Nd7 {[%emt 0:00:14]} 11. e3 {[%emt 0:00:18]} O-O {[%emt 0:00:17]} 12. Be2 {[%emt 0:03:25]} b6 {[%emt 0:01:58]} 13. O-O {[%emt 0:04:11]} Bb7 {[%emt 0:00:22]} 14. Rfc1 {[%emt 0:10:31]} c4 {[%emt 0:08:15]} 15. b3 {[%emt 0:11:57]} b5 {[%emt 0:01:33]} 16. a4 {[%emt 0:14:12]} a6 {[%emt 0:02:09]} 17. Rab1 {[%emt 0:11:44]} Bc6 {[%emt 0:06:39]} 18. Nd2 {[%emt 0:01:17]} Qd6 {[%emt 0:11:04]} 19. bxc4 {[%emt 0:02:10]} dxc4 {[%emt 0:22:13]} 20. Bf3 {[%emt 0:03:17]} Bxf3 {[%emt 0:05:32]} 21. Nxf3 {[%emt 0:00:04]} Qc6 {[%emt 0:01:10]} 22. Rc2 {[%emt 0:08:48]} Rfc8 {[%emt 0:05:55]} 23. h3 {[%emt 0:02:10]} Rab8 {[%emt 0:02:02]} 24. Rcb2 {[%emt 0:01:45]} Nf6 {[%emt 0:13:33]} 25. Ne5 {[%emt 0:04:59]} Qe4 {[%emt 0:00:22]} 26. axb5 {[%emt 0:01:35]} axb5 {[%emt 0:00:33]} 27. Rxb5 Qxb1+ {[%emt 0:01:02]} 28. Rxb1 {[%emt 0:09:19]} Rxb1+ {[%emt 0:00:06]} 29. Kh2 {[%emt 0:00:00]} Rb3 {[%emt 0:01:43]} 30. Qc2 {[%emt 0:00:03]} Rbb8 {[%emt 0:01:02]} 31. Qa2 {[%emt 0:02:07]} Ra8 {[%emt 0:03:00]} 32. Qc2 {[%emt 0:00:03]} Rab8 {[%emt 0:01:13]} 33. Qa2 {[%emt 0:00:03]} Ra8 {[%emt 0:00:23]} 34. Qc2 {[%emt 0:00:03]} Rab8 {[%emt 0:00:18]} 1/2-1/2